[Event "2025 National K-12 Grade Championship"]
[Site "Spokane, WI USA, United States"]
[Date "2025.12.14"]
[Round "6.18"]
[White "Shin, Luke"]
[Black "Iyengar, Varun"]
[Result "1/2-1/2"]
[TimeControl "G/90; d10"]
[WhiteFideId "39956814"]
[BlackFideId "150096853"]
[WhiteElo "2085"]
[BlackElo "1945"]

1. Nf3 {[%clk 01:29:57]} {[%emt 00:00:12]} Nf6 {[%clk 01:29:58]} {[%emt
00:00:13]} 2. g3 {[%clk 01:29:57]} {[%emt 00:00:10]} d5 {[%clk 01:29:51]}
{[%emt 00:00:17]} 3. Bg2 {[%clk 01:29:57]} {[%emt 00:00:10]} e6 {[%clk
01:29:51]} {[%emt 00:00:09]} 4. O-O {[%clk 01:29:50]} {[%emt 00:00:16]} Be7
{[%clk 01:29:51]} {[%emt 00:00:09]} 5. d3 {[%clk 01:29:41]} {[%emt 00:00:19]}
O-O {[%clk 01:29:47]} {[%emt 00:00:14]} 6. Nbd2 {[%clk 01:29:35]} {[%emt
00:00:16]} c5 {[%clk 01:29:39]} {[%emt 00:00:18]} 7. e4 {[%clk 01:29:21]}
{[%emt 00:00:24]} Nc6 {[%clk 01:29:34]} {[%emt 00:00:16]} 8. Re1 {[%clk
01:29:19]} {[%emt 00:00:12]} b5 {[%clk 01:28:38]} {[%emt 00:01:06]} 9. e5
{[%clk 01:28:51]} {[%emt 00:00:38]} Nd7 {[%clk 01:28:36]} {[%emt 00:00:12]} 10.
Nf1 {[%clk 01:28:26]} {[%emt 00:00:34]} Bb7 {[%clk 01:08:23]} {[%emt 00:20:24]}
11. Bf4 {[%clk 01:26:30]} {[%emt 00:02:07]} Re8 {[%clk 01:05:24]} {[%emt
00:03:09]} 12. h4 {[%clk 01:23:30]} {[%emt 00:03:10]} a5 {[%clk 00:47:25]}
{[%emt 00:18:09]} 13. h5 {[%clk 01:20:36]} {[%emt 00:03:04]} h6 {[%clk
00:46:38]} {[%emt 00:00:57]} 14. N1h2 {[%clk 01:19:45]} {[%emt 00:01:01]} a4
{[%clk 00:32:41]} {[%emt 00:14:07]} 15. a3 {[%clk 01:19:22]} {[%emt 00:00:33]}
b4 {[%clk 00:27:33]} {[%emt 00:05:18]} 16. Ng4 {[%clk 01:12:49]} {[%emt
00:06:43]} Kh7 {[%clk 00:20:22]} {[%emt 00:07:21]} 17. Bf1 {[%clk 01:09:55]}
{[%emt 00:03:04]} Bf8 {[%clk 00:09:31]} {[%emt 00:11:01]} 18. Qc1 {[%clk
01:06:12]} {[%emt 00:03:54]} Nb6 {[%clk 00:06:54]} {[%emt 00:02:47]} 19. c4
{[%clk 00:57:05]} {[%emt 00:09:17]} Na5 {[%clk 00:05:41]} {[%emt 00:01:23]} 20.
Qc2 {[%clk 00:54:31]} {[%emt 00:02:43]} Kg8 {[%clk 00:04:43]} {[%emt 00:01:08]}
21. Rad1 {[%clk 00:52:39]} {[%emt 00:02:02]} Kh8 {[%clk 00:03:39]} {[%emt
00:01:15]} 22. Nh4 {[%clk 00:45:57]} {[%emt 00:06:52]} Nb3 {[%clk 00:02:54]}
{[%emt 00:00:55]} 23. Nf3 {[%clk 00:40:54]} {[%emt 00:05:13]} Qc8 {[%clk
00:02:28]} {[%emt 00:00:37]} 24. Ngh2 {[%clk 00:40:13]} {[%emt 00:00:50]} Rd8
{[%clk 00:02:25]} {[%emt 00:00:13]} 25. Be3 {[%clk 00:38:58]} {[%emt 00:01:25]}
Qc6 {[%clk 00:02:10]} {[%emt 00:00:26]} 26. Bg2 {[%clk 00:37:26]} {[%emt
00:01:41]} Qc8 {[%clk 00:02:10]} {[%emt 00:00:09]} 27. g4 {[%clk 00:37:07]}
{[%emt 00:00:28]} dxc4 {[%clk 00:02:05]} {[%emt 00:00:16]} 28. dxc4 {[%clk
00:37:07]} {[%emt 00:00:09]} Nd4 {[%clk 00:02:03]} {[%emt 00:00:12]} 29. Qc1
{[%clk 00:33:53]} {[%emt 00:03:24]} Nb3 {[%clk 00:01:45]} {[%emt 00:00:28]} 30.
Qc2 {[%clk 00:33:53]} {[%emt 00:00:07]} Nd4 {[%clk 00:01:45]} {[%emt 00:00:02]}
31. Qc1 {[%clk 00:33:40]} {[%emt 00:00:23]} Nb3 {[%clk 00:01:45]} {[%emt
00:00:02]} 32. Qc2 {[%clk 00:33:40]} {[%emt 00:00:04]} 1/2-1/2

[Event "2025 National K-12 Grade Championship"]
[Site "Spokane, WI USA, United States"]
[Date "2025.12.14"]
[Round "6.19"]
[White "Guo, Ethan"]
[Black "Kona, Vidip Kumar"]
[Result "1/2-1/2"]
[TimeControl "G/90; d10"]
[WhiteTitle "FM"]
[WhiteFideId "30976359"]
[BlackFideId "30990440"]
[WhiteElo "2367"]
[BlackElo "2202"]

1. e4 {[%clk 01:26:00]} c6 {[%clk 01:24:37]} {[%emt 00:01:24]} 2. Nf3 {[%clk
01:26:00]} {[%emt 00:00:16]} d5 {[%clk 01:24:37]} {[%emt 00:00:09]} 3. d3
{[%clk 01:26:00]} {[%emt 00:00:04]} Bg4 {[%clk 01:23:34]} {[%emt 00:01:13]} 4.
h3 {[%clk 01:26:00]} {[%emt 00:00:05]} Bxf3 {[%clk 01:23:24]} {[%emt 00:00:21]}
5. Qxf3 {[%clk 01:26:00]} {[%emt 00:00:08]} e6 {[%clk 01:23:07]} {[%emt
00:00:28]} 6. g3 {[%clk 01:25:53]} {[%emt 00:00:17]} Nd7 {[%clk 01:22:49]}
{[%emt 00:00:28]} 7. Bg2 {[%clk 01:25:49]} {[%emt 00:00:13]} Bd6 {[%emt
00:01:58]} 8. Qe2 {[%clk 01:24:33]} dxe4 {[%clk 01:21:10]} {[%emt 00:01:28]} 9.
dxe4 {[%clk 01:24:05]} {[%emt 00:00:38]} Ngf6 {[%clk 01:20:15]} {[%emt
00:01:05]} 10. Nd2 {[%clk 01:23:24]} {[%emt 00:00:50]} Qc7 {[%clk 01:19:20]}
{[%emt 00:01:07]} 11. Nc4 {[%clk 01:18:31]} {[%emt 00:05:02]} Bc5 {[%clk
01:18:40]} {[%emt 00:00:49]} 12. Bf4 {[%clk 01:14:23]} {[%emt 00:04:19]} e5
{[%clk 01:18:40]} {[%emt 00:00:11]} 13. Bd2 {[%clk 01:14:23]} {[%emt 00:00:07]}
O-O-O {[%clk 01:12:58]} {[%emt 00:05:52]} 14. b4 {[%clk 01:11:23]} {[%emt
00:03:09]} Be7 {[%clk 01:12:31]} {[%emt 00:00:36]} 15. a4 {[%clk 01:10:52]}
{[%emt 00:00:43]} Nb6 {[%clk 01:11:05]} {[%emt 00:01:37]} 16. Bc3 {[%clk
01:05:49]} {[%emt 00:05:13]} Nxc4 {[%clk 01:07:49]} {[%emt 00:03:26]} 17. Qxc4
{[%clk 01:05:17]} {[%emt 00:00:42]} Rhf8 {[%clk 01:07:44]} {[%emt 00:00:15]} 18.
O-O {[%clk 01:03:56]} {[%emt 00:01:30]} Bd6 {[%clk 01:05:34]} {[%emt 00:02:20]}
19. Bd2 {[%clk 01:00:16]} {[%emt 00:03:50]} Ne8 {[%clk 01:02:22]} {[%emt
00:03:21]} 20. Be3 {[%clk 00:59:22]} {[%emt 00:01:05]} Kb8 {[%clk 01:02:01]}
{[%emt 00:00:31]} 21. a5 {[%clk 00:56:52]} {[%emt 00:02:40]} Be7 {[%clk
01:01:03]} {[%emt 00:01:07]} 22. b5 {[%clk 00:51:57]} {[%emt 00:05:06]} cxb5
{[%clk 01:00:22]} {[%emt 00:00:51]} 23. Qxb5 {[%clk 00:51:30]} {[%emt
00:00:37]} Nd6 {[%clk 01:00:19]} {[%emt 00:00:12]} 24. Qxe5 {[%clk 00:45:28]}
{[%emt 00:06:13]} Bf6 {[%clk 00:59:56]} {[%emt 00:00:31]} 25. Qf4 {[%clk
00:42:56]} {[%emt 00:02:44]} Bxa1 {[%clk 00:59:39]} {[%emt 00:00:28]} 26. Rxa1
{[%clk 00:42:56]} {[%emt 00:00:07]} f6 {[%clk 00:57:48]} {[%emt 00:02:00]} 27.
a6 {[%clk 00:41:05]} {[%emt 00:02:01]} b6 {[%clk 00:53:24]} {[%emt 00:04:34]}
28. Qf3 {[%clk 00:36:12]} {[%emt 00:05:04]} Qc6 {[%clk 00:53:06]} {[%emt
00:00:28]} 29. Qh5 {[%clk 00:32:05]} {[%emt 00:04:16]} Qc3 {[%clk 00:44:42]}
{[%emt 00:08:33]} 30. Rd1 {[%clk 00:27:36]} {[%emt 00:04:40]} g5 {[%clk
00:40:44]} {[%emt 00:04:09]} 31. Qf3 {[%clk 00:24:39]} {[%emt 00:03:06]} Qc6
{[%clk 00:39:33]} {[%emt 00:01:22]} 32. Qe2 {[%clk 00:21:40]} {[%emt 00:03:10]}
Qc4 {[%clk 00:35:54]} {[%emt 00:03:47]} 33. Qf3 {[%clk 00:21:25]} {[%emt
00:00:26]} Qc6 {[%clk 00:35:53]} {[%emt 00:00:11]} 34. Qe2 {[%clk 00:16:56]}
{[%emt 00:04:39]} Qc4 {[%clk 00:35:37]} {[%emt 00:00:25]} 35. Rd3 {[%clk
00:16:21]} {[%emt 00:00:45]} Qxa6 {[%clk 00:31:00]} {[%emt 00:04:48]} 36. e5
{[%clk 00:16:21]} {[%emt 00:00:04]} fxe5 {[%clk 00:29:45]} {[%emt 00:01:24]} 37.
Bxg5 {[%clk 00:16:21]} {[%emt 00:00:10]} e4 {[%clk 00:24:47]} {[%emt 00:05:09]}
38. Bxd8 {[%clk 00:15:34]} {[%emt 00:00:57]} Rxd8 {[%clk 00:24:47]} {[%emt
00:00:06]} 39. Bxe4 {[%clk 00:15:17]} {[%emt 00:00:27]} Re8 {[%clk 00:24:36]}
{[%emt 00:00:20]} 40. f3 {[%clk 00:12:39]} {[%emt 00:02:48]} Qa1+ {[%clk
00:24:12]} {[%emt 00:00:34]} 41. Kg2 {[%clk 00:11:46]} {[%emt 00:01:03]} Qe5
{[%clk 00:24:12]} {[%emt 00:00:07]} 42. Kh2 {[%clk 00:07:24]} {[%emt 00:04:35]}
h5 {[%clk 00:23:00]} {[%emt 00:01:21]} 43. h4 {[%clk 00:07:00]} {[%emt
00:00:35]} Rg8 {[%clk 00:21:50]} {[%emt 00:01:18]} 44. Qf2 {[%clk 00:04:03]}
{[%emt 00:03:09]} Nxe4 {[%clk 00:20:47]} {[%emt 00:01:13]} 45. fxe4 {[%clk
00:04:03]} {[%emt 00:00:02]} Qxe4 {[%clk 00:20:47]} {[%emt 00:00:09]} 46. Rd4
{[%clk 00:03:15]} {[%emt 00:00:58]} Qc6 {[%clk 00:19:04]} {[%emt 00:01:51]} 47.
Qf4+ {[%clk 00:02:30]} {[%emt 00:00:58]} Ka8 {[%clk 00:19:01]} {[%emt
00:00:10]} 48. Rc4 {[%clk 00:02:23]} {[%emt 00:00:19]} Qd5 {[%clk 00:18:34]}
{[%emt 00:00:34]} 49. Rd4 {[%clk 00:02:23]} {[%emt 00:00:11]} Qc6 {[%clk
00:18:34]} {[%emt 00:00:05]} 50. Rc4 {[%clk 00:02:23]} {[%emt 00:00:05]} Qd5
{[%clk 00:18:12]} {[%emt 00:00:30]} 51. Rd4 {[%clk 00:02:23]} {[%emt 00:00:05]}
Qc6 {[%clk 00:17:57]} {[%emt 00:00:24]} 1/2-1/2

[Event "2025 National K-12 Grade Championship"]
[Site "Spokane, WI USA, United States"]
[Date "2025.12.14"]
[Round "6.20"]
[White "Sankar, Tarun"]
[Black "Yang, Maxwell Z"]
[Result "1-0"]
[TimeControl "G/90; d10"]
[BlackTitle "CM"]
[WhiteFideId "39914380"]
[BlackFideId "30965268"]
[WhiteElo "2145"]
[BlackElo "2134"]

1. c4 {[%clk 01:30:00]} {[%emt 00:00:02]} c5 {[%clk 01:23:04]} {[%emt
00:07:06]} 2. Nf3 {[%clk 01:30:00]} {[%emt 00:00:05]} Nf6 {[%clk 01:23:03]}
{[%emt 00:00:11]} 3. d4 {[%clk 01:30:00]} {[%emt 00:00:06]} cxd4 {[%clk
01:23:03]} {[%emt 00:00:04]} 4. Nxd4 {[%clk 01:30:00]} {[%emt 00:00:05]} e6
{[%clk 01:23:03]} {[%emt 00:00:04]} 5. Nc3 {[%clk 01:29:39]} {[%emt 00:00:31]}
d5 {[%clk 01:23:01]} {[%emt 00:00:12]} 6. Bf4 {[%clk 01:28:51]} {[%emt
00:00:57]} Na6 {[%clk 01:15:24]} {[%emt 00:07:48]} 7. e3 {[%clk 01:27:17]}
{[%emt 00:01:44]} Bb4 {[%clk 01:12:52]} {[%emt 00:02:42]} 8. Rc1 {[%clk
01:20:47]} {[%emt 00:06:40]} O-O {[%clk 01:10:10]} {[%emt 00:02:52]} 9. Be2
{[%clk 01:20:07]} {[%emt 00:00:49]} Qa5 {[%clk 01:05:07]} {[%emt 00:05:13]} 10.
O-O {[%clk 01:15:03]} {[%emt 00:05:14]} Re8 {[%clk 00:52:43]} {[%emt 00:12:35]}
11. Nb3 {[%clk 01:08:43]} {[%emt 00:06:30]} Qd8 {[%clk 00:52:13]} {[%emt
00:00:40]} 12. Bg5 {[%clk 01:06:53]} {[%emt 00:01:59]} Nc7 {[%clk 00:51:39]}
{[%emt 00:00:45]} 13. Qc2 {[%clk 01:03:40]} {[%emt 00:03:22]} h6 {[%clk
00:47:11]} {[%emt 00:04:38]} 14. Bh4 {[%clk 01:02:03]} {[%emt 00:01:47]} g5
{[%clk 00:37:49]} {[%emt 00:09:32]} 15. Bg3 {[%clk 00:59:05]} {[%emt 00:03:09]}
Bd6 {[%clk 00:37:26]} {[%emt 00:00:33]} 16. Rcd1 {[%clk 00:56:57]} {[%emt
00:02:18]} Bxg3 {[%clk 00:36:27]} {[%emt 00:01:10]} 17. fxg3 {[%clk 00:56:34]}
{[%emt 00:00:32]} Qe7 {[%clk 00:36:24]} {[%emt 00:00:13]} 18. e4 {[%clk
00:51:26]} {[%emt 00:05:18]} dxc4 {[%clk 00:31:51]} {[%emt 00:04:44]} 19. Bxc4
{[%clk 00:47:46]} {[%emt 00:03:49]} Ng4 {[%clk 00:31:39]} {[%emt 00:00:22]} 20.
Qd2 {[%clk 00:44:10]} {[%emt 00:03:46]} Qb4 {[%clk 00:24:18]} {[%emt 00:07:32]}
21. Qd4 {[%clk 00:38:16]} {[%emt 00:06:00]} Qb6 {[%clk 00:23:04]} {[%emt
00:01:28]} 22. Qxb6 {[%clk 00:36:05]} {[%emt 00:02:20]} axb6 {[%clk 00:23:04]}
{[%emt 00:00:06]} 23. Rfe1 {[%clk 00:34:22]} {[%emt 00:01:52]} Ne5 {[%clk
00:22:55]} {[%emt 00:00:21]} 24. Bf1 {[%clk 00:33:45]} {[%emt 00:00:46]} Bd7
{[%clk 00:22:37]} {[%emt 00:00:29]} 25. Nd4 {[%clk 00:32:27]} {[%emt 00:01:26]}
g4 {[%clk 00:13:51]} {[%emt 00:08:57]} 26. Nc2 {[%clk 00:29:54]} {[%emt
00:02:42]} Bc6 {[%clk 00:12:48]} {[%emt 00:01:14]} 27. Na3 {[%clk 00:27:54]}
{[%emt 00:02:09]} Red8 {[%clk 00:12:24]} {[%emt 00:00:34]} 28. Kf2 {[%clk
00:26:54]} {[%emt 00:01:09]} Kf8 {[%clk 00:12:21]} {[%emt 00:00:15]} 29. Ke3
{[%clk 00:26:10]} {[%emt 00:00:53]} Ke7 {[%clk 00:12:17]} {[%emt 00:00:14]} 30.
Nc4 {[%clk 00:24:47]} {[%emt 00:01:33]} Nxc4+ {[%clk 00:11:40]} {[%emt
00:00:48]} 31. Bxc4 {[%clk 00:24:47]} {[%emt 00:00:06]} b5 {[%clk 00:11:40]}
{[%emt 00:00:03]} 32. Bb3 {[%clk 00:24:25]} {[%emt 00:00:31]} b4 {[%clk
00:11:40]} {[%emt 00:00:08]} 33. Ne2 {[%clk 00:23:50]} {[%emt 00:00:44]} e5
{[%clk 00:11:39]} {[%emt 00:00:12]} 34. Nc1 {[%clk 00:22:39]} {[%emt 00:01:20]}
Bb5 {[%clk 00:11:21]} {[%emt 00:00:29]} 35. Rxd8 {[%clk 00:21:25]} {[%emt
00:01:23]} Rxd8 {[%clk 00:11:21]} {[%emt 00:00:07]} 36. Rd1 {[%clk 00:21:24]}
{[%emt 00:00:10]} Ne6 {[%clk 00:09:59]} {[%emt 00:01:32]} 37. Rxd8 {[%clk
00:21:00]} {[%emt 00:00:35]} Nxd8 {[%clk 00:09:59]} {[%emt 00:00:05]} 38. Bd1
{[%clk 00:20:50]} {[%emt 00:00:20]} Bd7 {[%clk 00:09:04]} {[%emt 00:01:06]} 39.
Nd3 {[%clk 00:20:49]} {[%emt 00:00:11]} Nc6 {[%clk 00:08:36]} {[%emt 00:00:38]}
40. Nf2 {[%clk 00:18:41]} {[%emt 00:02:17]} h5 {[%clk 00:07:51]} {[%emt
00:00:56]} 41. h3 {[%clk 00:18:21]} {[%emt 00:00:29]} Be6 {[%clk 00:07:26]}
{[%emt 00:00:35]} 42. hxg4 {[%clk 00:17:05]} {[%emt 00:01:26]} hxg4 {[%clk
00:07:26]} {[%emt 00:00:11]} 43. b3 {[%clk 00:16:29]} {[%emt 00:00:46]} Nd4
{[%clk 00:06:44]} {[%emt 00:00:53]} 44. Bxg4 {[%clk 00:15:58]} {[%emt
00:00:40]} Nb5 {[%clk 00:06:44]} {[%emt 00:00:09]} 45. Bxe6 {[%clk 00:15:26]}
{[%emt 00:00:42]} Kxe6 {[%clk 00:06:44]} {[%emt 00:00:06]} 46. Nd3 {[%clk
00:15:24]} {[%emt 00:00:12]} Nc3 {[%clk 00:05:49]} {[%emt 00:01:05]} 47. Nxb4
{[%clk 00:15:15]} {[%emt 00:00:19]} f5 {[%clk 00:05:49]} {[%emt 00:00:04]} 48.
exf5+ {[%clk 00:14:52]} {[%emt 00:00:32]} Kxf5 {[%clk 00:05:49]} {[%emt
00:00:06]} 49. Kd3 {[%clk 00:14:52]} {[%emt 00:00:05]} Nb5 {[%clk 00:05:42]}
{[%emt 00:00:18]} 50. Nd5 {[%clk 00:14:42]} {[%emt 00:00:19]} Kg4 {[%clk
00:05:35]} {[%emt 00:00:18]} 51. Ke4 {[%clk 00:14:19]} {[%emt 00:00:33]} Kxg3
{[%clk 00:05:35]} {[%emt 00:00:08]} 52. Kxe5 {[%clk 00:14:19]} {[%emt
00:00:05]} Kxg2 {[%clk 00:05:35]} {[%emt 00:00:09]} 53. a4 {[%clk 00:14:17]}
{[%emt 00:00:11]} Na7 {[%clk 00:04:44]} {[%emt 00:01:01]} 54. Kd6 {[%clk
00:14:11]} {[%emt 00:00:16]} Kf3 {[%clk 00:04:35]} {[%emt 00:00:19]} 55. Kc7
{[%clk 00:14:06]} {[%emt 00:00:14]} b5 {[%clk 00:04:35]} {[%emt 00:00:08]} 56.
a5 {[%clk 00:13:31]} {[%emt 00:00:45]} b4 {[%clk 00:04:02]} {[%emt 00:00:43]}
57. Nxb4 {[%clk 00:13:20]} {[%emt 00:00:20]} Ke4 {[%clk 00:04:02]} {[%emt
00:00:09]} 58. Kb7 {[%clk 00:13:03]} {[%emt 00:00:28]} Nb5 {[%clk 00:04:02]}
{[%emt 00:00:06]} 59. Kb6 {[%clk 00:13:02]} {[%emt 00:00:10]} Nd6 {[%clk
00:04:02]} {[%emt 00:00:07]} 60. a6 {[%clk 00:13:02]} {[%emt 00:00:05]} Kd4
{[%clk 00:03:49]} {[%emt 00:00:23]} 61. Kc6 {[%clk 00:12:51]} {[%emt 00:00:20]}
Nc8 {[%clk 00:03:49]} {[%emt 00:00:06]} 62. Kc7 {[%clk 00:12:51]} {[%emt
00:00:01]} Na7 {[%clk 00:03:49]} {[%emt 00:00:03]} 63. Nc6+ {[%clk 00:12:51]}
1-0

[Event "2025 National K-12 Grade Championship"]
[Site "Spokane, WI USA, United States"]
[Date "2025.12.14"]
[Round "6.21"]
[White "Liu, Liam"]
[Black "Debmisra, Ariv"]
[Result "1-0"]
[TimeControl "G/90; d10"]
[WhiteFideId "39918270"]
[BlackFideId "39900207"]
[WhiteElo "2117"]
[BlackElo "2143"]

1. e4 {[%clk 01:30:00]} {[%emt 00:00:10]} c5 {[%clk 01:30:00]} {[%emt
00:00:08]} 2. Nf3 {[%clk 01:30:00]} {[%emt 00:00:06]} g6 {[%clk 01:30:00]}
{[%emt 00:00:05]} 3. c3 {[%clk 01:29:36]} {[%emt 00:00:34]} d5 {[%clk
01:30:00]} {[%emt 00:00:06]} 4. exd5 {[%clk 01:29:17]} {[%emt 00:00:28]} Qxd5
{[%clk 01:30:00]} {[%emt 00:00:07]} 5. d4 {[%clk 01:29:17]} {[%emt 00:00:05]}
Bg7 {[%clk 01:30:00]} {[%emt 00:00:09]} 6. Nbd2 {[%clk 01:28:42]} {[%emt
00:00:45]} cxd4 {[%clk 01:30:00]} {[%emt 00:00:11]} 7. Bc4 {[%clk 01:28:35]}
{[%emt 00:00:17]} Qc5 {[%clk 01:30:00]} {[%emt 00:00:06]} 8. Qb3 {[%clk
01:27:48]} {[%emt 00:00:57]} Nh6 {[%clk 01:29:57]} {[%emt 00:00:13]} 9. Ne4
{[%clk 01:27:47]} {[%emt 00:00:11]} Qb6 {[%clk 01:29:57]} {[%emt 00:00:03]} 10.
Nxd4 {[%clk 01:27:47]} {[%emt 00:00:10]} O-O {[%clk 01:29:55]} {[%emt
00:00:13]} 11. O-O {[%clk 01:27:47]} {[%emt 00:00:08]} Nf5 {[%clk 01:29:55]}
{[%emt 00:00:07]} 12. Nxf5 {[%clk 01:27:47]} {[%emt 00:00:05]} Bxf5 {[%clk
01:29:55]} {[%emt 00:00:05]} 13. Ng3 {[%clk 01:27:47]} {[%emt 00:00:06]} Bd7
{[%clk 01:29:51]} {[%emt 00:00:14]} 14. Re1 {[%clk 01:27:47]} {[%emt 00:00:09]}
e6 {[%clk 01:29:51]} {[%emt 00:00:07]} 15. Be3 {[%clk 01:27:47]} {[%emt
00:00:05]} Qc7 {[%clk 01:29:51]} {[%emt 00:00:05]} 16. Rad1 {[%clk 01:21:12]}
{[%emt 00:06:44]} b6 {[%clk 01:27:16]} {[%emt 00:02:46]} 17. Rd2 {[%clk
01:14:16]} {[%emt 00:07:05]} Bc6 {[%clk 01:26:14]} {[%emt 00:01:12]} 18. Red1
{[%clk 01:13:26]} {[%emt 00:01:01]} Qb7 {[%clk 01:24:22]} {[%emt 00:02:02]} 19.
f3 {[%clk 01:07:17]} {[%emt 00:06:19]} Nd7 {[%clk 01:23:02]} {[%emt 00:01:30]}
20. Bb5 {[%clk 01:02:29]} {[%emt 00:04:58]} Ne5 {[%clk 01:20:43]} {[%emt
00:02:29]} 21. Bd4 {[%clk 00:58:08]} {[%emt 00:04:31]} Bxf3 {[%clk 01:12:15]}
{[%emt 00:08:38]} 22. Re1 {[%clk 00:57:23]} {[%emt 00:00:55]} Rad8 {[%clk
00:58:58]} {[%emt 00:13:27]} 23. Qc2 {[%clk 00:37:10]} {[%emt 00:20:22]} Bc6
{[%clk 00:58:31]} {[%emt 00:00:37]} 24. Rxe5 {[%clk 00:36:04]} {[%emt
00:01:16]} Bxe5 {[%clk 00:39:15]} {[%emt 00:19:27]} 25. Bxc6 {[%clk 00:35:58]}
{[%emt 00:00:17]} Qc7 {[%clk 00:39:04]} {[%emt 00:00:21]} 26. Bxe5 {[%clk
00:34:28]} {[%emt 00:01:39]} Qxe5 {[%clk 00:38:20]} {[%emt 00:00:54]} 27. Bf3
{[%emt 00:08:43]} Qe3+ {[%clk 00:34:31]} {[%emt 00:01:08]} 28. Rf2 {[%clk
00:28:48]} {[%emt 00:00:08]} f5 {[%clk 00:33:33]} {[%emt 00:01:09]} 29. Nf1
{[%clk 00:20:49]} {[%emt 00:08:07]} Qc5 {[%clk 00:33:08]} {[%emt 00:00:36]} 30.
b4 {[%clk 00:20:24]} {[%emt 00:00:35]} Qe7 {[%clk 00:30:10]} {[%emt 00:03:07]}
31. Qb3 {[%clk 00:20:12]} {[%emt 00:00:23]} Kg7 {[%clk 00:30:04]} {[%emt
00:00:16]} 32. Re2 {[%clk 00:19:20]} {[%emt 00:01:02]} e5 {[%clk 00:29:53]}
{[%emt 00:00:20]} 33. Bd5 {[%clk 00:19:18]} {[%emt 00:00:12]} e4 {[%clk
00:29:29]} {[%emt 00:00:36]} 34. c4 {[%clk 00:18:39]} {[%emt 00:00:48]} Qf6
{[%clk 00:28:22]} {[%emt 00:01:17]} 35. a4 {[%clk 00:15:38]} {[%emt 00:03:11]}
Rfe8 {[%clk 00:25:55]} {[%emt 00:02:37]} 36. Qb2 {[%clk 00:14:21]} {[%emt
00:01:28]} Qxb2 {[%clk 00:24:52]} {[%emt 00:01:12]} 37. Rxb2 {[%clk 00:14:21]}
e3 {[%clk 00:24:19]} {[%emt 00:00:43]} 38. Re2 {[%clk 00:14:21]} {[%emt
00:00:02]} f4 {[%clk 00:24:19]} {[%emt 00:00:09]} 39. g3 {[%clk 00:11:35]}
{[%emt 00:02:56]} g5 {[%clk 00:24:16]} {[%emt 00:00:14]} 40. gxf4 {[%clk
00:11:32]} {[%emt 00:00:13]} gxf4 {[%clk 00:24:16]} 41. Kg2 {[%clk 00:11:27]}
{[%emt 00:00:16]} Kf6 {[%clk 00:23:40]} {[%emt 00:00:46]} 42. Kf3 {[%clk
00:07:45]} {[%emt 00:03:51]} Kf5 {[%clk 00:23:02]} {[%emt 00:00:49]} 43. h4
{[%clk 00:07:04]} {[%emt 00:00:51]} Re7 {[%clk 00:20:52]} {[%emt 00:02:20]} 44.
Rg2 {[%clk 00:06:11]} {[%emt 00:01:03]} h6 {[%clk 00:17:22]} {[%emt 00:03:40]}
45. Nh2 {[%clk 00:06:05]} {[%emt 00:00:15]} h5 {[%clk 00:12:37]} {[%emt
00:04:56]} 46. Ke2 {[%clk 00:05:27]} {[%emt 00:00:47]} Kf6 {[%clk 00:11:03]}
{[%emt 00:01:44]} 47. Nf3 {[%clk 00:05:27]} {[%emt 00:00:06]} a6 {[%clk
00:07:52]} {[%emt 00:03:21]} 48. Ng5 {[%clk 00:04:55]} {[%emt 00:00:43]} b5
{[%clk 00:07:06]} {[%emt 00:00:56]} 49. axb5 {[%clk 00:04:27]} {[%emt
00:00:38]} axb5 {[%clk 00:07:06]} {[%emt 00:00:04]} 50. Nh3 {[%clk 00:04:07]}
{[%emt 00:00:29]} f3+ {[%clk 00:05:04]} {[%emt 00:02:11]} 51. Kxf3 {[%clk
00:04:07]} {[%emt 00:00:07]} bxc4 {[%clk 00:05:04]} {[%emt 00:00:02]} 52. Nf4
{[%clk 00:04:07]} {[%emt 00:00:04]} Re5 {[%clk 00:01:30]} {[%emt 00:03:45]} 53.
Bxc4 {[%clk 00:03:41]} {[%emt 00:00:36]} Rd4 {[%clk 00:01:07]} {[%emt
00:00:33]} 54. Bd3 {[%clk 00:01:36]} {[%emt 00:02:15]} Rxb4 {[%clk 00:00:52]}
{[%emt 00:00:25]} 55. Rg6+ {[%clk 00:01:32]} {[%emt 00:00:14]} Ke7 {[%clk
00:00:52]} {[%emt 00:00:06]} 56. Rg2 {[%clk 00:01:32]} {[%emt 00:00:10]} Ra5
{[%clk 00:00:34]} {[%emt 00:00:29]} 57. Kxe3 {[%clk 00:01:30]} {[%emt
00:00:11]} Rb3 {[%clk 00:00:32]} {[%emt 00:00:12]} 58. Kd4 {[%clk 00:01:15]}
{[%emt 00:00:24]} Ra4+ {[%clk 00:00:32]} {[%emt 00:00:03]} 59. Bc4 {[%clk
00:01:15]} {[%emt 00:00:02]} Rf3 {[%clk 00:00:32]} {[%emt 00:00:06]} 60. Nd5+
{[%clk 00:01:15]} {[%emt 00:00:07]} Kf8 {[%clk 00:00:32]} {[%emt 00:00:05]} 61.
Rg5 {[%clk 00:01:02]} {[%emt 00:00:24]} Ra7 {[%clk 00:00:22]} {[%emt 00:00:21]}
62. Rxh5 {[%clk 00:01:02]} {[%emt 00:00:05]} Rg3 {[%clk 00:00:22]} {[%emt
00:00:03]} 63. Ne3 {[%clk 00:01:02]} {[%emt 00:00:07]} Rd7+ {[%clk 00:00:22]}
{[%emt 00:00:02]} 64. Bd5 {[%clk 00:01:02]} {[%emt 00:00:02]} Rg6 {[%clk
00:00:22]} {[%emt 00:00:05]} 65. Nf5 {[%clk 00:00:59]} {[%emt 00:00:13]} Rg4+
{[%clk 00:00:22]} {[%emt 00:00:05]} 66. Ke5 {[%clk 00:00:59]} {[%emt 00:00:03]}
Rxd5+ {[%clk 00:00:22]} {[%emt 00:00:07]} 67. Kxd5 {[%clk 00:00:59]} {[%emt
00:00:02]} Rg6 {[%clk 00:00:22]} {[%emt 00:00:02]} 68. Ke5 {[%clk 00:00:59]}
{[%emt 00:00:03]} Kf7 {[%clk 00:00:22]} 69. Rg5 {[%clk 00:00:59]} {[%emt
00:00:06]} Re6+ {[%clk 00:00:22]} 70. Kf4 {[%clk 00:00:59]} {[%emt 00:00:01]}
Ra6 {[%clk 00:00:22]} {[%emt 00:00:01]} 71. Kg4 {[%clk 00:00:59]} {[%emt
00:00:04]} Ra8 {[%clk 00:00:22]} {[%emt 00:00:03]} 72. Kh5 {[%clk 00:00:55]}
{[%emt 00:00:15]} Kf6 {[%clk 00:00:22]} {[%emt 00:00:02]} 73. Nh6 {[%clk
00:00:55]} {[%emt 00:00:03]} Ra4 {[%clk 00:00:22]} {[%emt 00:00:01]} 74. Rf5+
{[%clk 00:00:55]} {[%emt 00:00:02]} Ke6 {[%clk 00:00:22]} 75. Kg5 {[%clk
00:00:55]} {[%emt 00:00:03]} Ra1 {[%clk 00:00:22]} {[%emt 00:00:02]} 76. h5
{[%clk 00:00:55]} {[%emt 00:00:02]} Rg1+ {[%clk 00:00:22]} {[%emt 00:00:02]} 77.
Ng4 {[%clk 00:00:55]} Rh1 {[%clk 00:00:22]} {[%emt 00:00:05]} 78. h6 {[%clk
00:00:55]} {[%emt 00:00:02]} Ke7 {[%clk 00:00:22]} 79. Rf6 {[%clk 00:00:53]}
{[%emt 00:00:11]} Rg1 {[%clk 00:00:22]} {[%emt 00:00:03]} 80. h7 {[%clk
00:00:53]} {[%emt 00:00:08]} 1-0